[Event "ICS rated bullet match"]
[Site "204.178.125.65"]
[Date "2000.02.20"]
[Round "?"]
[White "leskovar"]
[Black "Hossa"]
[Result "0-1"]
[WhiteElo "2120"]
[BlackElo "2358"]
[PlyCount "126"]

1. d4 Nf6 2. e3 g6 3. Bd3 Bg7 4. f4 O-O 5. Nf3 d5 6. O-O Bg4 7. Bd2 Re8 8. Be1
Nbd7 9. Nbd2 c5 10. c3 c4 11. Bc2 Qb6 12. Rb1 Qa6 13. a3 Rab8 14. Bh4 Qb6 15.
Qe1 Qd6 16. h3 Be6 17. Ne5 b5 18. g4 Qb6 19. f5 Nxe5 20. fxe6 Nd3 21. Bxd3 Qxe6
22. Bxf6 exf6 23. Nf3 cxd3 24. Qd2 Qxe3+ 25. Qxe3 Rxe3 26. Rbd1 Rbe8 27. Rf2 f5
28. gxf5 gxf5 29. Kg2 f4 30. Nh4 Rg3+ 31. Kh2 Re2 32. Rdf1 Rxf2+ 33. Rxf2 Re3
34. Kg1 Re1+ 35. Kg2 Re2 36. Rxe2 dxe2 37. Kf2 Bf6 38. Nf3 Kg7 39. Kxe2 a5 40.
Ne1 Kg6 41. Nd3 Kf5 42. Kf3 Bg5 43. Nc5 Bh4 44. Nb7 a4 45. Nd6+ Ke6 46. Nxb5
Bg3 47. Nc7+ Kd6 48. Na6 Kc6 49. Nc5 Kb5 50. Nd7 h6 51. Nf6 Kc4 52. Ng8 h5 53.
Nh6 Kb3 54. Nxf7 Kxb2 55. Ne5 Kxc3 56. Nc6 h4 57. Kg2 Kc4 58. Kf3 Kd3 59. Kg2
Ke3 60. Kf1 f3 61. Kg1 Ke2 62. Ne5 f2+ 63. Kg2 f1=Q# 0-1

[Event "ICS rated blitz match"]
[Site "204.178.125.65"]
[Date "2000.02.20"]
[Round "?"]
[White "Hossa"]
[Black "undertaker1"]
[Result "0-1"]
[WhiteElo "2368"]
[BlackElo "2395"]
[PlyCount "110"]

1. c4 Nf6 2. d4 e6 3. Nc3 Bb4 4. Nf3 c5 5. a3 Bxc3+ 6. bxc3 O-O 7. e3 d6 8. Bd2
cxd4 9. cxd4 Re8 10. Be2 Ne4 11. O-O Nxd2 12. Qxd2 Qf6 13. e4 e5 14. d5 Na6 15.
Qg5 Qxg5 16. Nxg5 Nc5 17. Bh5 g6 18. Bf3 h6 19. Nh3 g5 20. g4 f6 21. Kg2 h5 22.
gxh5 g4 23. Ng1 gxf3+ 24. Kxf3 f5 25. exf5 Rf8 26. Ke3 Rxf5 27. h6 Kh7 28. Ne2
Kxh6 29. Rg1 Bd7 30. Rg3 Raf8 31. f3 Be8 32. h3 Bh5 33. Ng1 Rf4 34. Rc1 e4 35.
Rf1 exf3 36. Rfxf3 Re4+ 37. Kf2 Nd3+ 38. Kg2 Ne1+ 39. Kf2 Nxf3 40. Kg2 Rxc4 41.
Nxf3 Rc2+ 42. Nd2 Rxd2+ 43. Kg1 Re8 44. Rg2 Re1+ 45. Kh2 Rxg2+ 46. Kxg2 a5 47.
Kg3 Re3+ 48. Kf2 Rxa3 49. h4 Rd3 50. Kg2 a4 51. Kf1 a3 52. Kf2 a2 53. Kg2 a1=Q
54. Kf2 Qa2+ 55. Ke1 Rd1# 0-1

[Event "ICS Rated bullet match"]
[Site "204.178.125.65"]
[Date "2000.02.20"]
[Round "?"]
[White "undertaker1"]
[Black "Hossa"]
[Result "1-0"]
[WhiteElo "2439"]
[BlackElo "2364"]
[PlyCount "123"]

1. e4 Nf6 2. e5 Nd5 3. d4 d6 4. Nf3 Bg4 5. Be2 c6 6. O-O dxe5 7. dxe5 Nd7 8.
Qd4 Bf5 9. c4 Nb4 10. Na3 e6 11. Rd1 Bc5 12. Qf4 O-O 13. Nd4 Bg6 14. Nb3 Be7
15. Be3 Qc7 16. Bd4 Rad8 17. Bc3 Rfe8 18. Rd2 Bf5 19. Nd4 Bg6 20. Nf3 Bh5 21.
Nc2 Nxc2 22. Rxc2 Bf6 23. Re1 a5 24. g3 Be7 25. Rd2 b6 26. Bf1 a4 27. Bg2 a3
28. bxa3 Bxa3 29. Nd4 Nb8 30. Qg5 Bg6 31. Red1 Be7 32. Qg4 Rf8 33. h3 Bc5 34.
Qf3 Bxd4 35. Bxd4 Rfe8 36. a4 Bf5 37. Qf4 Nd7 38. Be3 c5 39. Qg5 f6 40. exf6
Nxf6 41. Bf4 Rxd2 42. Bxc7 Rxd1+ 43. Kh2 Rb1 44. Qf4 Rf8 45. g4 Bd3 46. Qd6
Bxc4 47. Bxb6 Ra1 48. Bxc5 Rc8 49. g5 Nh5 50. Qd7 Rb8 51. Bf3 Nf6 52. gxf6 gxf6
53. Be4 f5 54. Bd4 e5 55. Bxa1 fxe4 56. Bxe5 Bf7 57. Bxb8 Bg6 58. Be5 Kf8 59.
Bf6 Bf7 60. Qd8+ Be8 61. Qe7+ Kg8 62. Qxe8# 1-0

[Event "ICS rated blitz match"]
[Site "204.178.125.65"]
[Date "2000.02.20"]
[Round "?"]
[White "undertaker1"]
[Black "Hossa"]
[Result "1-0"]
[WhiteElo "2410"]
[BlackElo "2353"]
[PlyCount "47"]

1. e4 Nf6 2. e5 Nd5 3. d4 d6 4. Nf3 g6 5. Bc4 Nb6 6. Bb3 Bg7 7. Ng5 e6 8. Qf3
O-O 9. Qh3 h5 10. g4 Bh6 11. Nxf7 Rxf7 12. Bxh6 dxe5 13. gxh5 Qxd4 14. Qg2 Rf6
15. Nc3 Qxf2+ 16. Qxf2 Rxf2 17. Kxf2 gxh5 18. Rag1+ Kh7 19. Rg7+ Kh8 20. Rhg1
Nd5 21. Rg8+ Kh7 22. Bf8 Nxc3 23. R1g7+ Kh6 24. Rxc7# 1-0

[Event "ICS Rated blitz match"]
[Site "204.178.125.65"]
[Date "2000.02.20"]
[Round "?"]
[White "undertaker1"]
[Black "Hossa"]
[Result "1-0"]
[WhiteElo "2420"]
[BlackElo "2340"]
[PlyCount "97"]

1. e4 c5 2. Nf3 d6 3. d4 cxd4 4. Nxd4 Nf6 5. Nc3 e6 6. Be2 Be7 7. O-O O-O 8. f4
d5 9. e5 Ne4 10. Nxe4 dxe4 11. Be3 Qb6 12. Qd2 Bc5 13. c3 Nc6 14. Rad1 Rd8 15.
a3 a5 16. Bg4 a4 17. Qf2 Bd7 18. Rd2 f6 19. Re1 Re8 20. Bh5 g6 21. exf6 Nb8 22.
Qg3 Kf7 23. Bf2 Kxf6 24. Bg4 Kg7 25. Rxe4 Kg8 26. Rde2 Bxd4 27. Bxd4 Qd6 28.
Bf6 Ra6 29. Rd4 Qb6 30. Qh4 Rf8 31. Rf2 Rf7 32. Be2 Ra7 33. Bd3 Qb3 34. Bxg6 e5
35. Bxf7+ Qxf7 36. Bxe5 Nc6 37. Qg5+ Kf8 38. Bd6+ Ke8 39. Re4+ Be6 40. f5 Ra5
41. Rxe6+ Kd7 42. Rf6 Qe8 43. Qg7+ Ne7 44. Bxe7 Ra8 45. Bd6+ Kc6 46. Qc7+ Kb5
47. c4+ Ka6 48. Qa5+ Kxa5 49. Bb4# 1-0

[Event "ICS rated blitz match"]
[Site "204.178.125.65"]
[Date "2000.02.20"]
[Round "?"]
[White "Kair"]
[Black "Hossa"]
[Result "1-0"]
[WhiteElo "2421"]
[BlackElo "2316"]
[PlyCount "111"]

1. e4 c5 2. Nf3 d6 3. d4 cxd4 4. Nxd4 Nf6 5. Nc3 a6 6. Bg5 Nc6 7. Qd2 Nxd4 8.
Qxd4 Qa5 9. f4 e5 10. Qd2 Be6 11. f5 Bd7 12. Bxf6 gxf6 13. Nd5 Qxd2+ 14. Kxd2
Rc8 15. Nxf6+ Kd8 16. Nxd7 Kxd7 17. Be2 Rg8 18. g3 Rc5 19. Kd3 d5 20. exd5
Rxd5+ 21. Ke4 Rd6 22. Rad1 Be7 23. Kxe5 Bf6+ 24. Kf4 Bxb2 25. Rxd6+ Kxd6 26.
Rb1 Be5+ 27. Ke4 Re8 28. Rxb7 Bxg3+ 29. Kf3 Bxh2 30. Rxf7 Re7 31. Rxe7 Kxe7 32.
Bxa6 h5 33. Ke4 h4 34. Bf1 Kf6 35. Bh3 Bd6 36. Kd5 Be7 37. c4 Bb4 38. c5 Bd2
39. Kc6 Ke7 40. Kb7 Kd8 41. c6 Bf4 42. f6 Bh2 43. a4 Bc7 44. f7 Ke7 45. Kxc7
Kxf7 46. Kd6 Kf6 47. c7 Kg5 48. c8=Q Kf4 49. Qg4+ Ke3 50. a5 Kd3 51. a6 Kc2 52.
Qe2+ Kb3 53. a7 Kc3 54. a8=Q Kb4 55. Qb2+ Kc4 56. Bf1# 1-0

[Event "ICS Rated bullet match"]
[Site "204.178.125.65"]
[Date "2000.02.20"]
[Round "?"]
[White "Hossa"]
[Black "Kair"]
[Result "0-1"]
[WhiteElo "2351"]
[BlackElo "2120"]
[PlyCount "106"]

1. e4 e5 2. Nf3 d6 3. d4 exd4 4. Nxd4 Nf6 5. Nc3 Be7 6. Bc4 O-O 7. Bf4 Nxe4 8.
Nxe4 g5 9. Bg3 d5 10. Nb5 dxc4 11. Nxc7 Bf5 12. Qf3 Nc6 13. Qxf5 Nd4 14. Qd5
Nxc2+ 15. Ke2 Nxa1 16. Rxa1 Rc8 17. Rd1 Rxc7 18. Qxd8 Bxd8 19. Rxd8 Rxd8 20.
Nf6+ Kg7 21. Bxc7 Rc8 22. Be5 Kg6 23. Kd2 Kf5 24. Bc3 Rc6 25. g4+ Kg6 26. Ng8
Rd6+ 27. Kc2 Re6 28. Kd1 f5 29. gxf5+ Kxf5 30. Bb4 Ke4 31. Bd2 Kd3 32. Be3 a6
33. h3 b5 34. a3 a5 35. Kc1 b4 36. axb4 axb4 37. Kb1 c3 38. bxc3 bxc3 39. Bc1
c2+ 40. Kb2 Rb6+ 41. Ka3 Kc3 42. Ka4 Rb1 43. Bxg5 Rg1 44. Be3 Rxg8 45. Kb5 Rd8
46. f4 Rd2 47. Bc5 Rd1 48. Ba3 Kb3 49. Be7 c1=Q 50. f5 Qc7 51. Bc5 Qb7+ 52. Ka5
Ra1+ 53. Ba3 Rxa3# 0-1

[Event "ICS rated blitz match"]
[Site "204.178.125.65"]
[Date "2000.02.20"]
[Round "?"]
[White "Hossa"]
[Black "imbecile"]
[Result "1/2-1/2"]
[WhiteElo "2305"]
[BlackElo "1984"]
[PlyCount "87"]

1. d4 d5 2. Nf3 e6 3. c4 Nf6 4. e3 c6 5. Bd3 Nbd7 6. O-O Bd6 7. Nc3 Qe7 8. e4
dxe4 9. Nxe4 Nxe4 10. Bxe4 Nf6 11. Bc2 c5 12. Bg5 h6 13. Ba4+ Bd7 14. Bxf6 gxf6
15. dxc5 Bxc5 16. Qxd7+ Qxd7 17. Bxd7+ Kxd7 18. Rad1+ Ke7 19. a3 a5 20. Rd2
Rhd8 21. Rfd1 Rxd2 22. Rxd2 Rd8 23. Rxd8 Kxd8 24. a4 Kd7 25. g4 Kc6 26. b3 Bb6
27. Ne1 Kc5 28. Nc2 Bc7 29. Kg2 Bd6 30. h4 Kc6 31. Kf3 Bc5 32. Ne1 Bd4 33. Nd3
Bc5 34. Ke4 Bd6 35. f4 b6 36. Kd4 Be7 37. h5 Bd8 38. Ke3 Be7 39. Ke4 Bd8 40.
Ne1 Be7 41. Kd4 Bc5+ 42. Ke4 Be7 43. Kd4 Bc5+ 44. Ke4 1/2-1/2

[Event "ICS rated blitz match"]
[Site "204.178.125.65"]
[Date "2000.02.20"]
[Round "?"]
[White "Hossa"]
[Black "Viveiros"]
[Result "1-0"]
[WhiteElo "2293"]
[BlackElo "1994"]
[PlyCount "75"]

1. c4 g6 2. Nf3 Bg7 3. d4 Nf6 4. Nc3 c5 5. dxc5 Qa5 6. Bd2 Qxc5 7. e4 Nc6 8.
Bd3 O-O 9. O-O d6 10. Nd5 Nxd5 11. exd5 Nd4 12. Nxd4 Bxd4 13. Rb1 a5 14. Bh6
Bg7 15. Be3 Bd4 16. Qf3 e5 17. Bh6 Re8 18. Rfe1 f5 19. Be3 Bd7 20. Red1 Bxe3
21. Qxe3 Rac8 22. Qxc5 Rxc5 23. Rdc1 Rec8 24. Rc3 Kf8 25. Be2 Ke7 26. Rh3 h5
27. Ra3 h4 28. Rd1 g5 29. Rb3 R8c7 30. Rb6 Ba4 31. b3 Be8 32. a3 Rd7 33. b4
axb4 34. axb4 Rcc7 35. Ra1 Bg6 36. Ra7 e4 37. c5 dxc5 38. Rxg6 1-0

[Event "ICS rated blitz match"]
[Site "204.178.125.65"]
[Date "2000.02.20"]
[Round "?"]
[White "Viveiros"]
[Black "Hossa"]
[Result "0-1"]
[WhiteElo "2016"]
[BlackElo "2298"]
[PlyCount "68"]

1. e4 g6 2. d4 Bg7 3. Nc3 d6 4. Bg5 h6 5. Be3 e5 6. dxe5 Bxe5 7. Qd2 Be6 8. Nf3
Bxc3 9. Qxc3 Nf6 10. Bd3 Nbd7 11. Nd4 Ne5 12. Nxe6 fxe6 13. Bd4 Nxd3+ 14. Qxd3
e5 15. Be3 Qd7 16. f3 Qa4 17. Qb3 Qxb3 18. axb3 a6 19. g4 Kd7 20. Ke2 Raf8 21.
h4 h5 22. g5 Ne8 23. c4 Rf7 24. Rad1 Rhf8 25. Rhf1 Ke7 26. b4 Ng7 27. c5 Ne6
28. cxd6+ cxd6 29. Rd5 Nf4+ 30. Bxf4 Rxf4 31. b5 Rxh4 32. bxa6 Rh2+ 33. Ke3
bxa6 34. Ra5 Rb8 0-1

[Event "ICS rated blitz match"]
[Site "204.178.125.65"]
[Date "2000.02.20"]
[Round "?"]
[White "Hossa"]
[Black "Viveiros"]
[Result "1-0"]
[WhiteElo "2303"]
[BlackElo "2011"]
[PlyCount "59"]

1. e4 c5 2. Nc3 Nc6 3. g3 g6 4. Bg2 Bg7 5. f4 e6 6. Nf3 Nge7 7. e5 d6 8. Ne4
dxe5 9. fxe5 Nxe5 10. Nxe5 Bxe5 11. Nxc5 Qc7 12. d4 Bg7 13. O-O O-O 14. c3 Nd5
15. Qf3 b6 16. Ne4 f5 17. Nf2 Bb7 18. Bg5 Rf7 19. Qe2 Re8 20. c4 Nf6 21. Bf4
Qd7 22. Bxb7 Qxb7 23. Be5 Qd7 24. Qf3 Rd8 25. b3 Ne8 26. Bxg7 Kxg7 27. Rad1 Nf6
28. Nd3 Qb7 29. Nf4 Qxf3 30. Nxe6+ 1-0

[Event "ICS rated blitz match"]
[Site "204.178.125.65"]
[Date "2000.02.20"]
[Round "?"]
[White "Hossa"]
[Black "mistrik"]
[Result "0-1"]
[WhiteElo "2308"]
[BlackElo "2262"]
[PlyCount "76"]

1. c4 Nf6 2. Nf3 e6 3. d4 d5 4. e3 c6 5. Bd3 dxc4 6. Bxc4 c5 7. O-O a6 8. Nc3
b5 9. Bb3 Nbd7 10. d5 exd5 11. Bxd5 Nxd5 12. Qxd5 Rb8 13. Ng5 Qf6 14. Rd1 Be7
15. Nge4 Qg6 16. Ng3 Nb6 17. Qe5 Rb7 18. Nge4 Nc4 19. Qf4 f5 20. Nd2 Bd6 21.
Qf3 Ne5 22. Qd5 Rd7 23. Qa8 O-O 24. Qd5+ Kh8 25. Qb3 Bb7 26. g3 Rfd8 27. a4 Bc7
28. Kf1 b4 29. Ne2 Nf3 30. Qc2 Nxh2+ 31. Ke1 Nf3+ 32. Kf1 Qh5 33. Nd4 cxd4 34.
Qxf5 Qxf5 35. Re1 d3 36. Kg2 Nh4+ 37. Kg1 Qh3 38. gxh4 Qg2# 0-1

[Event "ICS rated blitz match"]
[Site "204.178.125.65"]
[Date "2000.02.20"]
[Round "?"]
[White "mistrik"]
[Black "Hossa"]
[Result "1-0"]
[WhiteElo "2280"]
[BlackElo "2290"]
[PlyCount "175"]

1. e4 c6 2. d4 d5 3. Nc3 dxe4 4. Nxe4 Nd7 5. Bc4 Ngf6 6. Ng5 e6 7. Qe2 Nb6 8.
Bd3 h6 9. N5f3 c5 10. dxc5 Bxc5 11. Ne5 Nbd7 12. Ngf3 Qc7 13. O-O O-O 14. Re1
Nxe5 15. Nxe5 Rd8 16. Bf4 Nd5 17. Bg3 Nb4 18. Rad1 Nxa2 19. Qe4 f5 20. Qc4 Nb4
21. Bxf5 Rd5 22. Bg6 Bd6 23. Qe4 Bxe5 24. Bxe5 Qe7 25. Rxd5 Nxd5 26. Rd1 Nf6
27. Qh4 Qf8 28. Rd3 a5 29. Bd6 Qd8 30. Qf4 Bd7 31. Be5 Qe7 32. Bxf6 gxf6 33.
Qxh6 Qg7 34. Bh7+ Kf8 35. Qxg7+ Kxg7 36. Rxd7+ Kh6 37. Rxb7 f5 38. f3 Rh8 39.
Bxf5 exf5 40. Rb5 Rd8 41. Rxa5 Rd1+ 42. Kf2 Rd2+ 43. Kg3 Rxc2 44. b4 Kg6 45.
Ra6+ Kh5 46. Rb6 Rc4 47. b5 Rb4 48. h3 f4+ 49. Kh2 Rb2 50. Rb8 Kg5 51. b6 Kf6
52. b7 Kg7 53. h4 Rb1 54. Kh3 Rb6 55. Kg4 Rb4 56. h5 Kh7 57. Kg5 Kg7 58. h6+
Kh7 59. Kh5 Rb5+ 60. Kg4 Rb4 61. g3 fxg3+ 62. Kxg3 Rb6 63. f4 Rg6+ 64. Kf3 Rb6
65. f5 Rb4 66. f6 Rb3+ 67. Ke4 Rb4+ 68. Kd5 Rb5+ 69. Kc6 Rb1 70. Kc7 Rc1+ 71.
Kd7 Rd1+ 72. Ke7 Re1+ 73. Kf7 Rb1 74. Ke7 Re1+ 75. Kf7 Rb1 76. Ke7 Re1+ 77. Kd6
Kxh6 78. f7 Rd1+ 79. Ke5 Re1+ 80. Kd4 Rd1+ 81. Ke3 Re1+ 82. Kd2 Rf1 83. f8=Q+
Kg5 84. Qg8+ Kh5 85. Qg7 Rf2+ 86. Ke3 Rf8 87. Rxf8 Kh4 88. Rh8# 1-0

[Event "ICS rated blitz match"]
[Site "204.178.125.65"]
[Date "2000.02.20"]
[Round "?"]
[White "Compov"]
[Black "Hossa"]
[Result "0-1"]
[WhiteElo "2014"]
[BlackElo "2280"]
[PlyCount "44"]

1. e4 c6 2. d4 d5 3. Nc3 dxe4 4. Nxe4 Nd7 5. Nf3 Ngf6 6. Bd3 Nxe4 7. Bxe4 Nf6
8. Bd3 Bg4 9. c3 Qd5 10. O-O Bxf3 11. Qxf3 Qxf3 12. gxf3 O-O-O 13. Bc4 e6 14.
Bg5 Be7 15. Rfe1 Nd5 16. Bxe7 Nxe7 17. Re4 Kc7 18. Rae1 h5 19. Kg2 h4 20. h3
Rh5 21. Rg4 g6 22. Ree4 g5 0-1

[Event "ICS Rated blitz match"]
[Site "204.178.125.65"]
[Date "2000.02.20"]
[Round "?"]
[White "Hossa"]
[Black "janderson"]
[Result "1-0"]
[WhiteElo "2286"]
[BlackElo "2250"]
[PlyCount "23"]

1. e4 d5 2. exd5 Qxd5 3. Nc3 Qd6 4. Nf3 e5 5. Bc4 Nc6 6. O-O Nf6 7. Nb5 Qe7 8.
Ng5 Nd8 9. d4 h6 10. Nf3 a6 11. dxe5 axb5 12. exf6 1-0

[Event "ICS rated blitz match"]
[Site "204.178.125.65"]
[Date "2000.02.20"]
[Round "?"]
[White "Hossa"]
[Black "UTDmaster"]
[Result "1-0"]
[WhiteElo "2313"]
[BlackElo "2247"]
[PlyCount "69"]

1. d4 Nf6 2. Nf3 g6 3. c4 Bg7 4. e3 d6 5. Nc3 O-O 6. Be2 c5 7. O-O cxd4 8. exd4
b6 9. d5 Bf5 10. Nd4 Bd7 11. Bf4 Na6 12. Qd2 Nc5 13. Bh6 Nfe4 14. Nxe4 Nxe4 15.
Qe3 Nf6 16. Qg5 Re8 17. Bf3 Rc8 18. Rac1 e5 19. Nb3 e4 20. Be2 Ba4 21. Bxg7
Kxg7 22. Nd4 Re5 23. Qe3 Be8 24. Qa3 Qe7 25. Qa6 Rc7 26. Rc3 Ng8 27. Re3 f5 28.
f4 exf3 29. Rxe5 Qxe5 30. Ne6+ Kf7 31. Bxf3 Re7 32. b4 Qe3+ 33. Kh1 Nf6 34. Qc8
Bd7 35. Qf8# 1-0

[Event "ICS rated standard match"]
[Site "204.178.125.65"]
[Date "2000.02.20"]
[Round "?"]
[White "Hossa"]
[Black "Satan"]
[Result "1-0"]
[WhiteElo "2191"]
[BlackElo "2089"]
[PlyCount "109"]

1. d4 Nf6 2. Nf3 c5 3. g3 g6 4. dxc5 Na6 5. e4 Nxe4 6. Qd4 Nf6 7. Nc3 Bg7 8.
Bxa6 bxa6 9. O-O O-O 10. Rd1 Bb7 11. Ne5 Qc8 12. Nxd7 Qc6 13. Nxf6+ Bxf6 14.
Qd5 Bxc3 15. Qxc6 Bxc6 16. bxc3 Rfd8 17. Bg5 f6 18. Bf4 Kf7 19. h3 Be4 20. Rdc1
e5 21. Be3 Rab8 22. Rab1 Rb5 23. Kh2 Ke6 24. Rb3 Ra5 25. Rb4 Bc6 26. Ra1 Rd7
27. a4 Rb7 28. Rb3 Be4 29. c4 Rd7 30. Rb2 Bc6 31. Rb4 f5 32. h4 h5 33. Kg1 Be4
34. c3 f4 35. gxf4 exf4 36. Bxf4 Rxc5 37. Be3 Rc8 38. c5 Bc6 39. Re1 Kf7 40.
Kh2 Re8 41. a5 Re4 42. Rxe4 Bxe4 43. Bf4 Bc6 44. Bd6 Kf6 45. f4 Rb7 46. Be5+
Kf5 47. Rg1 Rb2+ 48. Kh3 Bd7 49. Rd1 Bc6 50. Rd6 Bb5 51. Kg3 Ra2 52. c6 Bxc6
53. Rxc6 Rxa5 54. Kf3 Ra2 55. Rf6# 1-0

[Event "ICS rated bullet match"]
[Site "204.178.125.65"]
[Date "2000.02.20"]
[Round "?"]
[White "Kair"]
[Black "Hossa"]
[Result "1-0"]
[WhiteElo "2145"]
[BlackElo "2326"]
[PlyCount "101"]

1. e4 c6 2. d4 d5 3. Nc3 dxe4 4. Nxe4 Bf5 5. Ng3 Bg6 6. h4 h6 7. Nf3 Nd7 8. h5
Bh7 9. Bd3 Bxd3 10. Qxd3 Qc7 11. Bd2 e6 12. O-O-O Ngf6 13. Ne4 Nxe4 14. Qxe4
Nf6 15. Qe2 Bd6 16. g3 O-O-O 17. c4 c5 18. Bc3 cxd4 19. Nxd4 a6 20. Nf3 b6 21.
Kb1 Kb8 22. Rd2 Rd7 23. Ne5 Rdd8 24. Rhd1 Ne8 25. Bb4 Ka7 26. Qf3 a5 27. Nc6+
Ka6 28. Nxd8 Qxd8 29. Bxd6 Qc8 30. Be7 Qb7 31. Qxf7 Qe4+ 32. Rc2 Qf5 33. Qxf5
exf5 34. Re2 Nc7 35. Rd7 Rc8 36. Bd8 Nb5 37. cxb5+ Kxb5 38. Re5+ Kc6 39. Red5
Ra8 40. R7d6+ Kb7 41. Rxb6+ Kc8 42. Rbd6 Ra7 43. Rc5+ Kb8 44. Rb6+ Rb7 45. Bc7+
Kc8 46. Be5+ Kd7 47. Rxb7+ Ke6 48. Rb6+ Kf7 49. Rc7+ Kg8 50. Rxg7+ Kf8 51. Rb8#
1-0

[Event "ICS rated bullet match"]
[Site "204.178.125.65"]
[Date "2000.02.20"]
[Round "?"]
[White "Hossa"]
[Black "Kair"]
[Result "0-1"]
[WhiteElo "2302"]
[BlackElo "2169"]
[PlyCount "124"]

1. d4 Nf6 2. Nf3 g6 3. c4 Bg7 4. e3 O-O 5. Nc3 d6 6. Be2 Nbd7 7. O-O e5 8. e4
exd4 9. Qxd4 Nc5 10. Qe3 Re8 11. Nd2 Ng4 12. Bxg4 Bxg4 13. f3 Be6 14. Rb1 a5
15. Rf2 h6 16. Nb5 a4 17. Nc3 b6 18. Nb5 d5 19. cxd5 Bxd5 20. b4 axb3 21. Nxb3
Bxb3 22. Rd2 Bxa2 23. Rxd8 Rexd8 24. Rb4 Rd1+ 25. Kf2 Rxc1 26. Nxc7 Rc8 27. Nd5
Bxd5 28. exd5 Rc3 29. Rxb6 Rxe3 30. Kxe3 Rd8 31. Rc6 Rxd5 32. Rc8+ Kh7 33. Rc7
Bd4+ 34. Ke2 Re5+ 35. Kd2 Kg7 36. Rc8 Be3+ 37. Kc3 Kf6 38. Rc7 Bf4 39. Rc6+ Kf5
40. g3 Be3 41. g4+ Kg5 42. Rc7 f5 43. gxf5 Rxf5 44. Kc4 Rf4+ 45. Kb5 Ne6 46.
Rc4 Nd4+ 47. Kb4 Nxf3 48. h3 Ne5 49. Rxf4 Kxf4 50. Kc3 Kg3 51. h4 h5 52. Kc2 g5
53. hxg5 Bxg5 54. Kc3 Be3 55. Kb4 h4 56. Kb3 h3 57. Kb4 h2 58. Kb3 h1=Q 59. Kb4
Bd2+ 60. Kc5 Qc6+ 61. Kd4 Bc3+ 62. Ke3 Qf3# 0-1

[Event "ICS rated blitz match"]
[Site "204.178.125.65"]
[Date "2000.02.20"]
[Round "?"]
[White "Bannon"]
[Black "Hossa"]
[Result "0-1"]
[WhiteElo "2036"]
[BlackElo "2326"]
[PlyCount "33"]

1. e4 c5 2. b4 cxb4 3. d4 d5 4. e5 Nc6 5. a3 Qb6 6. Nf3 Bg4 7. Be3 e6 8. a4 b3
9. c3 Bf5 10. Bd3 Bxd3 11. Qxd3 b2 12. Ra2 Qb3 13. Qb5 Qxa2 14. Qxb7 Nd8 15.
Qb5+ Ke7 16. Nfd2 a6 17. Qb4+ 0-1

[Event "ICS rated blitz match"]
[Site "204.178.125.65"]
[Date "2000.02.20"]
[Round "?"]
[White "Hossa"]
[Black "Kair"]
[Result "1-0"]
[WhiteElo "2331"]
[BlackElo "2405"]
[PlyCount "131"]

1. Nf3 Nf6 2. d4 g6 3. c4 Bg7 4. Nc3 O-O 5. e4 d6 6. Bg5 h6 7. Bh4 c5 8. dxc5
dxc5 9. Qxd8 Rxd8 10. e5 Nfd7 11. Nd5 Nc6 12. O-O-O g5 13. Bg3 e6 14. Nc7 Rb8
15. h3 b6 16. Bd3 Ndxe5 17. Nxe5 Nxe5 18. Bh7+ Kxh7 19. Rxd8 Bf6 20. Bxe5 Bxe5
21. Nb5 Bb7 22. Rxb8 Bxb8 23. f3 a6 24. Nc3 Kg6 25. Rd1 Bc6 26. Rd8 Be5 27. Rc8
Bb7 28. Rg8+ Kf5 29. Na4 Bc7 30. Kb1 h5 31. Nxb6 Be5 32. Nd7 Bd4 33. Rb8 Bc6
34. Nxc5 Bxf3 35. gxf3 Bxc5 36. b4 Bd4 37. Rd8 Bc3 38. b5 axb5 39. cxb5 Ba5 40.
Ra8 Bb6 41. Ra4 Bc5 42. Rc4 Bf2 43. a4 Ke5 44. Rc2 Bg1 45. a5 f5 46. Rc1 Bf2
47. Rf1 Bc5 48. b6 g4 49. fxg4 hxg4 50. hxg4 fxg4 51. b7 Ba7 52. Rf8 Kd6 53.
b8=Q+ Bxb8 54. Rxb8 Kc7 55. Rg8 e5 56. Rxg4 Kb7 57. Re4 Ka6 58. Rxe5 Ka7 59.
Kc2 Ka6 60. Kd3 Kb7 61. Ke4 Ka6 62. Kd5 Kb5 63. Re4 Ka6 64. Kc6 Ka7 65. Re8 Ka6
66. Ra8# 1-0

[Event "ICS rated blitz match"]
[Site "204.178.125.65"]
[Date "2000.02.20"]
[Round "?"]
[White "Kair"]
[Black "Hossa"]
[Result "1-0"]
[WhiteElo "2386"]
[BlackElo "2350"]
[PlyCount "85"]

1. e4 e5 2. Nf3 Nc6 3. Bb5 Nf6 4. O-O Bc5 5. c3 O-O 6. d4 Bb6 7. Bg5 exd4 8. e5
h6 9. exf6 hxg5 10. fxg7 Kxg7 11. cxd4 g4 12. Nfd2 Qh4 13. g3 Qh3 14. Re1 Rh8
15. Nf1 Nxd4 16. Be2 d5 17. Nc3 c6 18. Na4 Nxe2+ 19. Rxe2 Bd8 20. Qd3 Bf6 21.
Rae1 Qh5 22. Qd2 d4 23. b4 Qh3 24. Nc5 a5 25. bxa5 Rh5 26. Ne4 c5 27. Rc1 Bf5
28. Nxf6 Kxf6 29. Rxc5 d3 30. Ree5 b6 31. axb6 Rg8 32. Qf4 Rgg5 33. b7 d2 34.
Rc6+ Kg7 35. Qxd2 Rg6 36. Rxg6+ Kxg6 37. b8=Q Kg7 38. Re7 Bc8 39. Rxf7+ Kxf7
40. Qc7+ Kf6 41. Qdd6+ Kg5 42. Qg7+ Kf5 43. Qgg6# 1-0

[Event "ICS rated standard match"]
[Site "204.178.125.65"]
[Date "2000.02.20"]
[Round "?"]
[White "Hossa"]
[Black "prg3"]
[Result "1-0"]
[WhiteElo "2202"]
[BlackElo "2178"]
[PlyCount "33"]

1. e4 e5 2. Bc4 Nf6 3. d3 Nc6 4. Nf3 d6 5. Ng5 d5 6. exd5 Na5 7. Bb5+ c6 8.
dxc6 bxc6 9. Ba4 h6 10. Nf3 Bd6 11. O-O O-O 12. Bd2 Bd7 13. Qe1 Nb7 14. Nxe5
Re8 15. d4 Ng4 16. f4 f6 17. Bb3+ 1-0

[Event "ICS rated standard match"]
[Site "204.178.125.65"]
[Date "2000.02.20"]
[Round "?"]
[White "prg3"]
[Black "Hossa"]
[Result "1/2-1/2"]
[WhiteElo "2163"]
[BlackElo "2217"]
[PlyCount "112"]

1. d4 d5 2. c4 dxc4 3. Nf3 Nf6 4. e3 e6 5. Bxc4 c5 6. Nc3 cxd4 7. Qxd4 Bd7 8.
Ne5 Nc6 9. Nxc6 Bxc6 10. Qxd8+ Rxd8 11. f3 Bb4 12. Bd2 Nd7 13. a3 Be7 14. Bb5
Ne5 15. Bxc6+ bxc6 16. Ke2 Nc4 17. Bc1 Bf6 18. Rd1 Rxd1 19. Nxd1 Ke7 20. Rb1
Rb8 21. b3 Be5 22. g3 Bd6 23. b4 a5 24. f4 axb4 25. axb4 Rxb4 26. Rxb4 Bxb4 27.
Nb2 Nxb2 28. Bxb2 f6 29. Kd3 Kd6 30. Kc4 c5 31. e4 e5 32. f5 Bd2 33. g4 Be3 34.
Bc3 Kc6 35. Be1 Bd4 36. Ba5 Bg1 37. h4 Bf2 38. h5 Be3 39. Bd8 Kd7 40. Bb6 Kd6
41. Ba5 h6 42. Bb6 Kc6 43. Bd8 Kd7 44. Bb6 Kd6 45. Ba5 Bc1 46. Bb6 Kd7 47. Bxc5
Bg5 48. Kd5 Ke8 49. Ke6 Bd2 50. Bd6 Be3 51. Be7 Bf4 52. Bb4 Bc1 53. Be7 Bg5 54.
Bd6 Bd2 55. Be7 Bg5 56. Bd6 Bd2 1/2-1/2

[Event "ICS rated blitz match"]
[Site "204.178.125.65"]
[Date "2000.02.20"]
[Round "?"]
[White "Hossa"]
[Black "Kair"]
[Result "1/2-1/2"]
[WhiteElo "2336"]
[BlackElo "2426"]
[PlyCount "217"]

1. d4 Nf6 2. c4 e6 3. Nf3 b6 4. a3 Bb7 5. Nc3 d5 6. cxd5 Nxd5 7. Qc2 Nxc3 8.
bxc3 Be7 9. e4 O-O 10. Bd3 c5 11. e5 h6 12. Bh7+ Kh8 13. Be4 Nc6 14. dxc5 Bxc5
15. O-O Qe7 16. Rd1 Rad8 17. Bd2 Rd7 18. Qa4 Rc8 19. c4 Nd4 20. Bxb7 Rxb7 21.
Ne1 Rd7 22. Be3 Rcd8 23. Rd2 f6 24. exf6 Qxf6 25. Kh1 e5 26. Rad1 Kg8 27. Nd3
Bd6 28. Qa6 Qf7 29. Nb4 Qh5 30. Qa4 Qg4 31. Nc6 Nxc6 32. f3 Qe6 33. Qxc6 Rc7
34. Qa4 Qg6 35. c5 bxc5 36. Qa6 Rcd7 37. Bxc5 Bxc5 38. Qxg6 Rxd2 39. Rxd2 Rxd2
40. g3 Bd4 41. Qe8+ Kh7 42. h4 Bb2 43. a4 Bd4 44. Qf7 Re2 45. a5 Rf2 46. a6 Re2
47. h5 Kh8 48. Qe8+ Kh7 49. Qe6 Rd2 50. Qd5 Kh8 51. Qd8+ Kh7 52. Qd7 Kg8 53.
Qc8+ Kf7 54. Qb7+ Kg8 55. Qb3+ Kh7 56. Qf7 Kh8 57. Qf8+ Kh7 58. Qb8 Rb2 59. Qb7
Re2 60. Qb1+ Kg8 61. Qd3 Re3 62. Qc4+ Kf8 63. Kg2 Rc3 64. Qd5 Ke7 65. Qg8 e4
66. fxe4 Rc2+ 67. Kf3 Rc3+ 68. Kf4 Rc5 69. g4 Be5+ 70. Ke3 Rc3+ 71. Kd2 Rc7 72.
Qa8 Rd7+ 73. Ke3 Ke6 74. Qe8+ Kd6 75. Kf3 Rc7 76. Kf2 Rc2+ 77. Ke3 Rc3+ 78. Kd2
Rc7 79. Kd1 Rd7 80. Ke2 Rc7 81. Kd2 Rd7 82. Kd3 Rc7 83. Qf8+ Ke6 84. Qg8+ Ke7
85. Qa8 Rd7+ 86. Kc4 Rd4+ 87. Kc5 Rd7 88. Kc6 Rd6+ 89. Kb5 Rd7 90. Qc8 Rc7 91.
Qg8 Bd4 92. Kb4 Bc3+ 93. Ka4 Be5 94. Qd5 Kf6 95. Qd8+ Ke6 96. Ka5 Rd7 97. Qe8+
Kd6 98. Kb5 Rc7 99. Qd8+ Ke6 100. Qf8 Rd7 101. Qe8+ Kd6 102. Qg8 Ke7 103. Kc6
Rd6+ 104. Kb7 Rd7+ 105. Kc8 Rc7+ 106. Kb8 Rd7+ 107. Kc8 Rc7+ 108. Kb8 Rd7+ 109.
Kc8 1/2-1/2